Adolescence : guiding youth through the perilous ordeal /

Bibliographic Details
Main Author: Newton, Miller
Format: Book
Language:English
Published: New York : Norton, [1995]
Edition:1st edition.
Subjects:

MARC

Tag First Indicator Second Indicator Subfields
LEADER 00000cam a22000008a 4500
001 in00001233713
005 20151003071319.0
008 941103s1995 nyu b 001 0 eng
010 |a  94042648  
020 |a 0393701948 
035 |a (OCoLC)31607283 
035 |9 AGT4115AM 
040 |a DLC  |c DLC  |d GZO  |d TXA  |d UtOrBLW 
049 |a TXAM 
050 0 0 |a HQ796  |b .N516 1995 
082 0 0 |a 305.23/5  |2 20 
100 1 |a Newton, Miller. 
245 1 0 |a Adolescence :  |b guiding youth through the perilous ordeal /  |c Miller Newton. 
250 |a 1st edition. 
263 |a 9504 
264 1 |a New York :  |b Norton,  |c [1995] 
264 4 |c ©1995 
300 |a x, 241 pages :  |b illustrations ;  |c 24 cm. 
336 |a text  |b txt  |2 rdacontent 
337 |a unmediated  |b n  |2 rdamedia 
338 |a volume  |b nc  |2 rdacarrier 
500 |a "A Norton professional book." 
504 |a Includes bibliographical references and index. 
650 0 |a Adolescence. 
999 |a MARS 
999 f f |s 72664c68-07a0-32f3-b824-173f19e3f6c8  |i ccbd83ce-762e-3f7d-9d91-d9e4486110df  |t 0 
952 f f |p ric  |a Texas A&M University  |b Rellis Campus  |c Joint Library Facility  |d Remote Storage  |t 0  |e HQ796 .N516 1995  |h Library of Congress classification  |i unmediated -- volume  |m A14819715368 
998 f f |a HQ796 .N516 1995  |t 0  |l Remote Storage